1403 1196 1102 1183 1708 1075 1388 1634 1645 1226 1458 1822 1642 1157 1577 2000 1323 1460 1119 1913 1895 1472 1575 1844 1816 1264 1161 1457 1752 1133 1906 1307 1328 1655 1410 1274 1556 1587 1852 1350 1500 1940 1699 1466 1010 1779 1732 1145 1854 1508 1367 1569 1528 1053 1586 1045 1017 1748 1382 1168 1813 1309 1034 1606 1254 1152 1896 1544 1876 1803 1001 1548 1835 1736 1510 1611 1852 1868 1374 1774 1588 1250 1646 1908 1391 1984 1559 1411 1828 1611 1051 1660 1141 1789 1001 1144 1488 1072 1188 BCNSPRNW ULIB Ver.6.0+V

เปลี่ยนเป็นภาษาไทย

Change to English
 แสดงรายละเอียดบรรณานุกรม
  กลับหน้าหลัก

Brief Record : Get Marc (ISO 2709) : E-mail record : QR code < ปิดหน้าต่าง
LEADER : 00000nam 2200000uu 4500
001    13399112210
003     ULIB
008    110708s2550||||th 000 0 tha d
020    9749986318
050 04 HF5734^bส182ส 2550
100 0  สถาพร ดีบุญมี ณ ชุมแพ
245 10 การบริหารงานบุคคล/^cสถาพร ดีบุญมี ณ ชุมแพ
250    พิมพ์ครั้งที่ 1
260    กรุงเทพฯ :^bบริษัท การศึกษา จำกัด,^c2550
300    104 หน้า
650  7 การจัดสัมมนา
650  7 การสัมมนา
650  7 การประชุม
945    ^p75^l0^i022185
945    ^p75^l0^i022186
995    ทศพร
999 ^a ใช้งานได้ทุกระบบ
รายการนี้ยังไม่มีแท็ก
คุณยังไม่ได้ล็อกอิน คุณสามารถมีกิจกรรมร่วมกับเว็บไซต์ได้ แต่ต้องล็อกอินก่อน ::
  ล็อกอิน

รายการสื่อสารสนเทศ

ลำดับที่ ประเภท เลขเรียก/บาร์โค้ด สถานที่ สถานะ
- ไม่พบข้อมูล -

รายการใกล้เคียง
    ผู้แต่ง [สถาพร ดีบุญมี ณ ชุมแพ]

    หัวเรื่อง [การสัมมนา]
    หัวเรื่อง [การประชุม]

BibComment


ยังไม่เคยถูกคอมเมนท์

คอมเมนท์ทรัพยากรรายการนี้
  คอมเมนท์: การบริหารงานบุคคล..


 Copyright 2026. Bcnsprnw @Library